<?xml version="1.0" encoding="UTF-8"?>
<record
    xmlns:xsi="http://www.w3.org/2001/XMLSchema-instance"
    xsi:schemaLocation="http://www.loc.gov/MARC21/slim http://www.loc.gov/standards/marcxml/schema/MARC21slim.xsd"
    xmlns="http://www.loc.gov/MARC21/slim">

  <leader>00535nas a2200181 a 4500</leader>
  <controlfield tag="001">000037167</controlfield>
  <controlfield tag="003">DLC</controlfield>
  <controlfield tag="005">20200930080202.0</controlfield>
  <controlfield tag="008">120221c19519999dr fr1pdd     0    0spa d</controlfield>
  <datafield tag="040" ind1=" " ind2=" ">
    <subfield code="a">DO-SdBNP</subfield>
    <subfield code="b">spa</subfield>
  </datafield>
  <datafield tag="043" ind1=" " ind2=" ">
    <subfield code="a">nwdr</subfield>
  </datafield>
  <datafield tag="245" ind1="0" ind2="0">
    <subfield code="a">Bolet&#xED;n de la Secretar&#xED;a de Estado de Trabajo.</subfield>
  </datafield>
  <datafield tag="260" ind1=" " ind2=" ">
    <subfield code="a">Ciudad Trujillo, Rep&#xFA;blica Dominicana :</subfield>
    <subfield code="b">Secretar&#xED;a de Estado de Trabajo</subfield>
    <subfield code="b">1951.</subfield>
  </datafield>
  <datafield tag="300" ind1=" " ind2=" ">
    <subfield code="a">v. ;</subfield>
    <subfield code="c">23 cm.</subfield>
  </datafield>
  <datafield tag="310" ind1=" " ind2=" ">
    <subfield code="a">A&#xF1;o 3(julio-diciembre 1951) No. 4</subfield>
  </datafield>
  <datafield tag="362" ind1=" " ind2=" ">
    <subfield code="a">1951</subfield>
  </datafield>
  <datafield tag="651" ind1=" " ind2="4">
    <subfield code="a">Rep&#xFA;blica Dominicana</subfield>
    <subfield code="9">10483</subfield>
  </datafield>
  <datafield tag="952" ind1=" " ind2=" ">
    <subfield code="0">0</subfield>
    <subfield code="1">0</subfield>
    <subfield code="3">No se presta</subfield>
    <subfield code="7">1</subfield>
    <subfield code="8">SE</subfield>
    <subfield code="a">PD</subfield>
    <subfield code="b">PD</subfield>
    <subfield code="c">NA</subfield>
    <subfield code="d">2012-03-09</subfield>
    <subfield code="e">4</subfield>
    <subfield code="h">A&#xF1;o.1:no.1(1950:enero/jun.)</subfield>
    <subfield code="i">195001301950070520120309</subfield>
    <subfield code="l">0</subfield>
    <subfield code="o">1</subfield>
    <subfield code="p">37167-1-1-1</subfield>
    <subfield code="r">2020-08-08</subfield>
    <subfield code="w">2020-08-08</subfield>
    <subfield code="y">ISSUE</subfield>
    <subfield code="z">Perteneci&#xF3; a la biblioteca personal de Carlos Larraz&#xE1; bal Blanco</subfield>
  </datafield>
  <datafield tag="952" ind1=" " ind2=" ">
    <subfield code="0">0</subfield>
    <subfield code="1">0</subfield>
    <subfield code="3">No se presta</subfield>
    <subfield code="7">1</subfield>
    <subfield code="8">SE</subfield>
    <subfield code="a">PD</subfield>
    <subfield code="b">PD</subfield>
    <subfield code="c">NA</subfield>
    <subfield code="d">2012-03-09</subfield>
    <subfield code="e">4</subfield>
    <subfield code="h">A&#xF1;o.1:no.1.e.2(1950:enero/jun.)</subfield>
    <subfield code="i">195001301950070520120309</subfield>
    <subfield code="l">0</subfield>
    <subfield code="o">1</subfield>
    <subfield code="p">37167-1-1-2</subfield>
    <subfield code="r">2020-08-08</subfield>
    <subfield code="w">2020-08-08</subfield>
    <subfield code="y">ISSUE</subfield>
    <subfield code="z">Perteneci&#xF3; a la biblioteca personal de Carlos Larraz&#xE1; bal Blanco</subfield>
  </datafield>
  <datafield tag="952" ind1=" " ind2=" ">
    <subfield code="0">0</subfield>
    <subfield code="1">0</subfield>
    <subfield code="3">No se presta</subfield>
    <subfield code="7">1</subfield>
    <subfield code="8">SE</subfield>
    <subfield code="a">PD</subfield>
    <subfield code="b">PD</subfield>
    <subfield code="c">NA</subfield>
    <subfield code="d">2012-03-09</subfield>
    <subfield code="e">4</subfield>
    <subfield code="h">A&#xF1;o.1:no.2(1950:jul./dic.)</subfield>
    <subfield code="i">195007301951010520120309</subfield>
    <subfield code="l">0</subfield>
    <subfield code="o">2</subfield>
    <subfield code="p">37167-1-2-1</subfield>
    <subfield code="r">2020-08-08</subfield>
    <subfield code="w">2020-08-08</subfield>
    <subfield code="y">ISSUE</subfield>
    <subfield code="z">Perteneci&#xF3; a la biblioteca personal de Carlos Larraz&#xE1; bal Blanco</subfield>
  </datafield>
  <datafield tag="952" ind1=" " ind2=" ">
    <subfield code="0">0</subfield>
    <subfield code="1">0</subfield>
    <subfield code="3">No se presta</subfield>
    <subfield code="7">1</subfield>
    <subfield code="8">SE</subfield>
    <subfield code="a">PD</subfield>
    <subfield code="b">PD</subfield>
    <subfield code="c">NA</subfield>
    <subfield code="d">2012-03-09</subfield>
    <subfield code="e">4</subfield>
    <subfield code="h">A&#xF1;o.2:no.3(1951:enero/jun.)</subfield>
    <subfield code="i">195101301951070520120309</subfield>
    <subfield code="l">0</subfield>
    <subfield code="o">3</subfield>
    <subfield code="p">37167-2--3-1</subfield>
    <subfield code="r">2020-08-08</subfield>
    <subfield code="w">2020-08-08</subfield>
    <subfield code="y">ISSUE</subfield>
    <subfield code="z">Perteneci&#xF3; a la biblioteca personal de Carlos Larraz&#xE1; bal Blanco</subfield>
  </datafield>
  <datafield tag="952" ind1=" " ind2=" ">
    <subfield code="0">0</subfield>
    <subfield code="1">0</subfield>
    <subfield code="3">No se presta</subfield>
    <subfield code="7">1</subfield>
    <subfield code="8">SE</subfield>
    <subfield code="a">PD</subfield>
    <subfield code="b">PD</subfield>
    <subfield code="c">NA</subfield>
    <subfield code="d">2012-03-09</subfield>
    <subfield code="e">4</subfield>
    <subfield code="h">A&#xF1;o.2:no.3..e.2(1951:enero/jun.)</subfield>
    <subfield code="i">195101301951070520120309</subfield>
    <subfield code="l">0</subfield>
    <subfield code="o">3</subfield>
    <subfield code="p">37167-2-3-2</subfield>
    <subfield code="r">2020-08-08</subfield>
    <subfield code="w">2020-08-08</subfield>
    <subfield code="y">ISSUE</subfield>
    <subfield code="z">Perteneci&#xF3; a la biblioteca personal de Carlos Larraz&#xE1; bal Blanco</subfield>
  </datafield>
  <datafield tag="952" ind1=" " ind2=" ">
    <subfield code="0">0</subfield>
    <subfield code="1">0</subfield>
    <subfield code="3">No se presta</subfield>
    <subfield code="7">1</subfield>
    <subfield code="8">SE</subfield>
    <subfield code="a">PD</subfield>
    <subfield code="b">PD</subfield>
    <subfield code="c">NA</subfield>
    <subfield code="d">2012-03-09</subfield>
    <subfield code="e">4</subfield>
    <subfield code="h">A&#xF1;o.2:no.4(1951:jul./dic.)</subfield>
    <subfield code="i">195107301952010520120309</subfield>
    <subfield code="l">0</subfield>
    <subfield code="o">4</subfield>
    <subfield code="p">37167-2-4</subfield>
    <subfield code="r">2020-08-08</subfield>
    <subfield code="w">2020-08-08</subfield>
    <subfield code="y">ISSUE</subfield>
    <subfield code="z">Perteneci&#xF3; a la biblioteca personal de Carlos Larraz&#xE1; bal Blanco</subfield>
  </datafield>
  <datafield tag="952" ind1=" " ind2=" ">
    <subfield code="0">0</subfield>
    <subfield code="1">0</subfield>
    <subfield code="3">No se presta</subfield>
    <subfield code="7">1</subfield>
    <subfield code="8">SE</subfield>
    <subfield code="a">PD</subfield>
    <subfield code="b">PD</subfield>
    <subfield code="c">NA</subfield>
    <subfield code="d">2012-03-09</subfield>
    <subfield code="e">4</subfield>
    <subfield code="h">A&#xF1;o.2:no.4.e.2(1951:jul./dic.)</subfield>
    <subfield code="i">195107301952010520120309</subfield>
    <subfield code="l">0</subfield>
    <subfield code="o">4</subfield>
    <subfield code="p">37167-2-4-2</subfield>
    <subfield code="r">2020-08-08</subfield>
    <subfield code="w">2020-08-08</subfield>
    <subfield code="y">ISSUE</subfield>
    <subfield code="z">Perteneci&#xF3; a la biblioteca personal de Carlos Larraz&#xE1; bal Blanco</subfield>
  </datafield>
  <datafield tag="952" ind1=" " ind2=" ">
    <subfield code="0">0</subfield>
    <subfield code="1">0</subfield>
    <subfield code="3">No se presta</subfield>
    <subfield code="7">1</subfield>
    <subfield code="8">SE</subfield>
    <subfield code="a">PD</subfield>
    <subfield code="b">PD</subfield>
    <subfield code="c">NA</subfield>
    <subfield code="d">2012-03-09</subfield>
    <subfield code="e">4</subfield>
    <subfield code="h">A&#xF1;o.2:no4.e.3(1951:jul./dic.)</subfield>
    <subfield code="i">195107301952010520120309</subfield>
    <subfield code="l">0</subfield>
    <subfield code="o">4</subfield>
    <subfield code="p">37167-2-4-3</subfield>
    <subfield code="r">2020-08-08</subfield>
    <subfield code="w">2020-08-08</subfield>
    <subfield code="y">ISSUE</subfield>
    <subfield code="z">Perteneci&#xF3; a la biblioteca personal de Carlos Larraz&#xE1; bal Blanco</subfield>
  </datafield>
  <datafield tag="952" ind1=" " ind2=" ">
    <subfield code="0">0</subfield>
    <subfield code="1">0</subfield>
    <subfield code="3">No se presta</subfield>
    <subfield code="7">1</subfield>
    <subfield code="8">SE</subfield>
    <subfield code="a">PD</subfield>
    <subfield code="b">PD</subfield>
    <subfield code="c">NA</subfield>
    <subfield code="d">2012-03-09</subfield>
    <subfield code="e">4</subfield>
    <subfield code="h">A&#xF1;o.3:no.5(1952:enero/jun.)</subfield>
    <subfield code="i">1952013019520204</subfield>
    <subfield code="l">0</subfield>
    <subfield code="o">5</subfield>
    <subfield code="p">37167-70</subfield>
    <subfield code="r">2020-08-08</subfield>
    <subfield code="w">2020-08-08</subfield>
    <subfield code="y">ISSUE</subfield>
    <subfield code="z">Perteneci&#xF3; a la biblioteca personal de Carlos Larraz&#xE1; bal Blanco</subfield>
  </datafield>
  <datafield tag="952" ind1=" " ind2=" ">
    <subfield code="0">0</subfield>
    <subfield code="1">0</subfield>
    <subfield code="3">No se presta</subfield>
    <subfield code="7">1</subfield>
    <subfield code="8">SE</subfield>
    <subfield code="a">PD</subfield>
    <subfield code="b">PD</subfield>
    <subfield code="c">NA</subfield>
    <subfield code="d">2012-03-09</subfield>
    <subfield code="e">4</subfield>
    <subfield code="h">A&#xF1;o.3:no.6(1952:jul./dic.)</subfield>
    <subfield code="i">1952073019520804</subfield>
    <subfield code="l">0</subfield>
    <subfield code="o">6</subfield>
    <subfield code="p">37167-80</subfield>
    <subfield code="r">2020-08-08</subfield>
    <subfield code="w">2020-08-08</subfield>
    <subfield code="y">ISSUE</subfield>
    <subfield code="z">Perteneci&#xF3; a la biblioteca personal de Carlos Larraz&#xE1; bal Blanco</subfield>
  </datafield>
  <datafield tag="999" ind1=" " ind2=" ">
    <subfield code="c">36657</subfield>
    <subfield code="d">36657</subfield>
  </datafield>
</record>
